American Cars & Trucks by Picture - Statistics

General Stats
  • This quiz has been taken 144 times
  • The average score is 41 of 175
Answer Stats
Picture Answer % Correct
Dodge Viper
82%
Chevy Silverado
61%
Ford Mustang
60%
Hummer H2
56%
Dodge Challenger
55%
Chevy Suburban
54%
Dodge Dart
50%
Ford Fusion
50%
Hummer H1
50%
Jeep Wrangler
50%
Tesla Cybertruck
50%
Tesla Model S
50%
Chevy Camaro
49%
Chevy Tahoe
49%
Ford Focus
48%
Ford GT
48%
Tesla Model 3
48%
Dodge Charger
47%
Ford Model T
47%
Jeep Gladiator
47%
Cadillac Escalade
46%
Pontiac Firebird
45%
Dodge Durango
44%
Dodge Ram
44%
Ford Bronco
44%
Ford Crown Victoria
44%
Ford F-150
44%
Chevy Avalanche
43%
AMC Gremlin
42%
Chevy Corvette
42%
GMC Yukon
41%
Pontiac Aztek
41%
Chevy Chevelle SS
40%
Hummer EV SUV
40%
Rivian R1T
40%
Tesla Model X
39%
Chevy Blazer
37%
Ford Expedition
37%
Ford Explorer
37%
Chrysler 300
36%
Jeep Patriot
36%
Chrysler 200
35%
Hummer H3
35%
Jeep Renegade
35%
Lucid Air
35%
Shelby Cobra
35%
AMC Pacer
34%
Chevy Impala
34%
Ford Maverick
34%
GMC Sierra
34%
Plymouth Prowler
34%
Cadillac CTS-V
33%
Ford Ranger
33%
Pontiac Fiero
33%
Chevy El Camino
32%
Dodge Dakota
32%
Hummer EV
32%
Jeep Cherokee
32%
Jeep Grand Cherokee
32%
Saleen S7
32%
Tesla Model Y
32%
Chevy Traverse
31%
Chrysler Pacifica
31%
Lincoln Navigator
31%
Ford Edge
29%
Jeep Compass
29%
Ram TRX
29%
AMC Javelin
28%
Chrysler Crossfire
28%
Ford Escape
28%
Ford Taurus
28%
Lincoln Town Car
28%
Plymouth Superbird
28%
Pontiac GTO
28%
Chevy Colorado
27%
Polaris Slingshot
27%
Rivian R1S
27%
Buick Grand National
26%
Dodge Hornet
26%
Dodge Journey
26%
Fisker Karma
26%
Pontiac Solstice
26%
Tesla Roadster
26%
Jeep Commander
25%
Mercury Grand Marquis
25%
Plymouth Barracuda
24%
Chevy Equinox
23%
Hennessey Venom GT
23%
Buick Riviera
22%
Pontiac G8
22%
GMC Canyon
21%
Ram Rebel
21%
Jeep Wagoneer
20%
Lincoln Aviator
20%
Lincoln Continental
20%
AMC Eagle
19%
Fisker Ocean
19%
Hennessey Venom F5
19%
International Harvester Scout
19%
Shelby Daytona Coupe
19%
Mercury Marauder
18%
Ram ProMaster
18%
Saturn Sky
18%
SSC Tuatara
18%
Buick Regal
17%
Cadillac Lyriq
17%
GMC Acadia
17%
GMC Terrain
17%
Saturn Vue
16%
Cadillac ATS
15%
Cadillac XT6
15%
Mercury Cougar
15%
AMC AMX
14%
Eagle Talon
14%
Mosler MT900
14%
Oldsmobile Toronado
14%
Plymouth Roadrunner
14%
SSC Ultimate Aero
14%
Vector W8
14%
Buick Encore
13%
Buick Enclave
12%
Buick Envision
12%
Dodge Coronet
12%
Lincoln Nautilus
12%
Chrysler ME Four-Twelve
11%
Oldsmobile Cutlass
11%
Saturn Aura
11%
Oldsmobile 442
10%
Plymouth Duster
10%
Rezvani Tank
10%
Eagle Summit
8%
Freightliner Cascadia
8%
Lincoln Corsair
8%
Saleen S1
8%
Fisker Alaska
7%
Kenworth W900
7%
Mack Anthem
7%
Panoz Esperante
7%
Rezvani Beast
6%
Rezvani Vengeance
6%
Lordstown Endurance
5%
RAESR Tachyon
5%
Drako GTE
4%
Kepler Motion
4%
Exotic Rides W70
3%
International RXT
3%
Mack Granite
3%
Rezvani Hercules 6x6
3%
Rivian EDV
3%
Trion Nemesis
3%
Western Star 5700
3%
Equus Bass 770
2%
Faraday Future FF91
2%
International CXT
2%
International MXT
2%
Karma Revero GT
2%
Mack Pinnacle
2%
Mercury Comet
2%
Panoz Abruzzi
2%
Panoz Roadster
2%
Rossion Q1
2%
VLF Force 1 V10
2%
BXR Bailey Blade GT1
1%
Faraday Future FFZERO1
1%
Kenworth C500
1%
Kenworth T880
1%
Lucra L148
1%
Lucra LC470
1%
Peterbilt 389
1%
International Eagle 9000
0%
Kenworth T680
0%
Mack LR
0%
Peterbilt 386
0%
Peterbilt 579
0%
Western Star 4900
0%
No matching quizzes found
Score Distribution
Percent of People with Each Score
Percentile by Number Answered
Your Score History
You have not taken this quiz